Актуальные проблемы филологии и педагогической лингвистики. 2022, № 4 (темат. вып.): Текст в современной филологической парадигме: герменевтика художественной коммуникации (Запись № 13045142)

Подробности
000 -МАРКЕР
контрольное поле 01386nam2a2200217 4500
001 - ИДЕНТИФИКАТОР ЗАПИСИ
контрольное поле RU\NLR\BIBL_A\016325740
005 - ИДЕНТИФИКАТОР ВЕРСИИ
контрольное поле 20250625042423.0
035 ## - ДРУГИЕ СИСТЕМНЫЕ НОМЕРА
Идентификатор записи (NLR Aleph) 016325740
100 ## - ДАННЫЕ ОБЩЕЙ ОБРАБОТКИ
Данные общей обработки 20230328d2022 |||y0rusy50 ca
101 0# - ЯЗЫК РЕСУРСА
Язык текста, звукозаписи и т.д. русский
102 ## - СТРАНА ПУБЛИКАЦИИ ИЛИ ПРОИЗВОДСТВА
Страна публикации российская федерация
200 1# - ЗАГЛАВИЕ И СВЕДЕНИЯ ОБ ОТВЕТСТВЕННОСТИ
Основное заглавие Текст в современной филологической парадигме: герменевтика художественной коммуникации
Параллельное заглавие Text in the modern philological paradigm: hermeneutics of literary communication
Язык параллельного заглавия английский
210 ## - ПУБЛИКАЦИЯ, РАСПРОСТРАНЕНИЕ И ДР.
Дата издания, распространения и т.д. 2022
Место издания, распространения и т.д. Б. м.
461 #0 - УРОВЕНЬ НАБОРА
Встроенное поле 001RU\NLR\INFOCOMM31\5000144228
-- 2001#$aАктуальные проблемы филологии и педагогической лингвистики$eСб. науч. тр.$fСев.-Осет. гос. ун-т им. К.Л. Хетагурова$v2022, № 4 (темат. вып.)
Системный номер (АБИС) связанной записи 4193216
Место публикации Владикавказ
Дата публикации 2002 -
Первые сведения об ответственности Сев.-Осет. гос. ун-т им. К.Л. Хетагурова
Имя издателя, распространителя и т.д. Изд-во СОГУ
Сведения, относящиеся к заглавию Сб. науч. тр.
Заглавие Актуальные проблемы филологии и педагогической лингвистики
ISSN 2079-6021
Номер тома 2022, № 4 (темат. вып.)
510 1# - ПАРАЛЛЕЛЬНОЕ ЗАГЛАВИЕ
Параллельное заглавие Text in the modern philological paradigm: hermeneutics of literary communication
Язык заглавия английский
852 ## - МЕСТОНАХОЖДЕНИЕ И ШИФР ХРАНЕНИЯ
Идентификатор организации NLR
Шифр хранения (Call Number) П28/2002
942 ## - ДОПОЛНИТЕЛЬНЫЕ ЭЛЕМЕНТЫ ЗАПИСИ (АБИС)
Тип экземпляра АБИС Выпуск
980 ## - КОЛЛЕКЦИЯ
Название коллекции Национальная библиография
980 ## - КОЛЛЕКЦИЯ
Название коллекции Русская периодика

Нет доступных экземпляров.